A szabadságharc hős honvédsége
Elmentve itt :
| Szerző: | |
|---|---|
| Dokumentumtípus: | Cikk |
| Megjelent: |
1951
|
| Sorozat: | Honvéd : katonai folyóirat
6 No. 3 |
| Kulcsszavak: | Hadtudomány |
| Online Access: | http://misc.bibl.u-szeged.hu/14757 |
| LEADER | 00556nab a2200169 i 4500 | ||
|---|---|---|---|
| 001 | misc14757 | ||
| 005 | 20191106141709.0 | ||
| 008 | 170607s1951 hu o 0|| hun d | ||
| 040 | |a SZTE Miscellanea Repozitórium |b hun | ||
| 041 | |a hun | ||
| 100 | 1 | |a Kána Lőrinc | |
| 245 | 1 | 2 | |a A szabadságharc hős honvédsége |h [elektronikus dokumentum] / |c Kána Lőrinc |
| 260 | |c 1951 | ||
| 300 | |a 13-15 | ||
| 490 | 0 | |a Honvéd : katonai folyóirat |v 6 No. 3 | |
| 695 | |a Hadtudomány | ||
| 856 | 4 | 0 | |u http://misc.bibl.u-szeged.hu/14757/1/honved_006_003_013-015.pdf |z Dokumentum-elérés |